Menopause news

Detalles Bibliográficos
Formato: Electrónico Revista
Lenguaje:inglés
Publicado: San Francisco, CA : Judith S. Askew
Materias:
Acceso en línea:Full text available from Research Library: 01/01/1999 to 05/31/1999

MARC

LEADER 00000nas a22000007a 4500
001 ssj0012628
003 WaSeSS
005 20200512172242.0
006 m d
007 cr n
008 920220d1991199ucaubr p s 0 a0eng c
010 |a sn 92004141  
016 7 |a 9891768  |2 DNLM 
016 7 |a SR0091826  |2 DNLM 
022 |l 1061-4397  |y 1061-4397 
035 |a (WaSeSS)ssj0012628 
037 |b Menopause News, 2074 Union St., San Francisco, CA 94123 
040 |a NSD  |b eng  |c NSD  |d EBZ  |d NLM  |d OCLCQ  |d SLR  |d OCLCQ  |d OCLCF  |d OCLCO  |d EUW  |d WaSeSS 
042 |a nsdp  |a pcc 
082 1 0 |a 612  |2 12 
210 0 |a Menopause news 
222 0 |a Menopause news 
245 0 0 |a Menopause news  |h [electronic resource]. 
260 |a San Francisco, CA :  |b Judith S. Askew 
310 |a Bimonthly 
362 1 |a Began in 1991. 
506 |a License restrictions may limit access. 
588 |a Description based on: Vol. 1, issue 4 (Nov./Dec. 1991); title from caption. 
650 0 |a Menopause  |v Periodicals. 
650 7 |a Menopause.  |2 fast  |0 (OCoLC)fst01016245 
655 0 |a Electronic journals. 
856 4 0 |z Full text available from Research Library: 01/01/1999 to 05/31/1999  |u https://search.proquest.com/publication/31916